Guess the EPIC: The Musical song #5 - Statistics

General Stats
  • This quiz has been taken 107 times
  • The average score is 214 of 360
Answer Stats
Answer % Correct
a
98%
a-
98%
I
98%
the
93%
you
92%
you-
92%
men
88%
who
87%
me?
85%
me,
85%
when
85%
do
82%
just
80%
man?
80%
man
80%
your
78%
go
77%
Go
77%
and
75%
and-
75%
be
75%
so...
75%
so
75%
for
73%
Is
73%
is
73%
Then
73%
Then-
73%
Fight
70%
fight!
70%
fight
70%
little
70%
No,
70%
no
70%
to
70%
to-
70%
are
68%
of
68%
on
68%
wolf,
68%
wolf
68%
in
67%
have
63%
this-
63%
this
63%
bit
62%
her,
62%
how
62%
how...
62%
How
62%
all
60%
All
60%
my
60%
wanna
60%
Wanna
60%
Bite
58%
bite!
58%
could.
58%
entertain
58%
him,
58%
made
58%
one,
58%
One
58%
see
58%
did
57%
Don't
57%
don't
57%
I'll
57%
now.
57%
now
57%
now,
57%
that?
57%
that
57%
them
57%
too.
57%
too
57%
why
57%
I've
55%
Let's
55%
let's
55%
take
55%
Take
55%
time
55%
it's
53%
know
53%
lesson,
53%
teach
53%
die
52%
die!
52%
Die
52%
You've
52%
you've
52%
Athena,
50%
bullies.
50%
never
50%
quick.
50%
Strike
50%
strike!
50%
thoughts
50%
up
50%
us?
50%
good,
48%
slow?
48%
Those
48%
will.
48%
Alright
47%
daddy
47%
Or
47%
or-
47%
respect
47%
she
47%
sick!
47%
some
47%
some-
47%
Try
47%
try!
47%
try
47%
Uppercut
47%
We'll
47%
back!
45%
back
45%
cry
45%
help?
45%
his
45%
run
45%
Run
45%
Show
45%
than
45%
dog
43%
got
43%
If
43%
kind
43%
kind!
43%
last
43%
moving
43%
Tell
43%
through.
43%
world
43%
You'll
43%
get
42%
give
42%
has
42%
here,
42%
here?
42%
lessons
42%
might
42%
mistake
42%
out
42%
their
42%
again.
40%
being
40%
mother
40%
these
40%
What's
40%
Woah...
40%
Woah,
40%
aid?
38%
break
38%
came
38%
doesn't
38%
front
38%
going
38%
Make
38%
young
38%
bones
37%
combined!
37%
cruel
37%
filth.
37%
heart
37%
Maybe
37%
seen
37%
stand
37%
understand
37%
worst
37%
had
35%
plan
35%
presents
35%
pushed
35%
won't
35%
bring
33%
Cause
33%
choose
33%
enough
33%
Need
33%
suggest
33%
truly
33%
around?
32%
hears.
32%
impose
32%
larger
32%
plenty
32%
hard.
30%
sure
30%
advantage
28%
away
28%
blood
28%
tears.
28%
because
27%
before
27%
corner.
27%
without
27%
down
25%
adorn
23%
Flight,
23%
flight!
23%
Ooh...
17%
Ow...
13%
No matching quizzes found
Score Distribution
Percent of People with Each Score
Percentile by Number Answered
Your Score History
You have not taken this quiz